| 000 | 00893nam a2200265 i 4500 | ||
|---|---|---|---|
| 999 |
_c200443523 _d61735 |
||
| 003 | TR-AnTOB | ||
| 005 | 20220621105104.0 | ||
| 007 | ta | ||
| 008 | 210915s2001 tu 00| 0 tur d | ||
| 040 |
_aTR-AnTOB _beng _erda _cTR-AnTOB |
||
| 041 | 0 | _atur | |
| 050 | 1 | 4 |
_aT143 _b.İ45 2001 |
| 090 |
_aT143 _b.İ45 2001 |
||
| 245 | 0 | 0 | _a2001-2002 Öğretim yılında endüstriyel teknik öğretim okul ve kurumları. |
| 264 | 1 |
_aAnkara : _bT.C. Milli Eğitim Bakanlığı, _c2001. |
|
| 300 |
_a261 pages : _btables ; _c25 cm |
||
| 336 |
_2rdacontent _atext _btxt |
||
| 337 |
_2rdamedia _aunmediated _bn |
||
| 338 |
_2rdacarrier _avolume _bnc |
||
| 650 | 7 |
_aTeknik eğitim _zTürkiye _2etuturkob _920156 |
|
| 710 | 2 |
_aTürkiye. _bMilli Eğitim Bakanlığı. _bErkek Teknik Öğretim Genel Müdürlüğü _978592 |
|
| 942 |
_2lcc _cBK |
||